Регионална библиотека "Любен Каравелов" - Русе

Английски за абсолютно начинаещи [аудио CD] (Запис номер 228593)

MARC детайли
000 -Лидер
Контролно поле с фиксирана дължина 01659njm a2200361 c 4500
003 - Код на организацията, давaща контролен номер
Контролно поле BLK
005 - Дата и час на последна редакция
Контролно поле 20190617111015.0
008 - Елементи от данни с фиксирана дължина
fixed length control field 180410b bul||n||s|||||||| n|bulo|
010 ## - Наследен системен номер
LC control number CDD00009338000
040 ## - Източник на каталожния запис
Идентификатор на билиотеката - собственик на записа BLK
041 ## - Код за език
Код за езика на текст/звукозапис или на отделно заглавие Български
Код за езика КДБФ Български
Други езици Английски
072 #7 - Код за тематичната категория
Код организация bullib
Код за тематична категория Ф
Текст Нови некнижни
080 ## - УДК
Текстов определител УДК Английски език
УДК код - определител по УДК 811.111
УДК определител (075.4)(086.76)
УДК - код + определител 811.111(075.4)(086.76)
100 1# - Редна дума - Автор
Автор Андромак, Шийна
Авторска отговорност първи автор
R(LIN) 32488
139 ## - Редно поле
Редна дума Андромак, Шийна и др.
Авторски знак Андр - А 66
245 10 - Сведения за заглавието
Заглавие Английски за абсолютно начинаещи [аудио CD]
Подзаглавни данни CD 1 -
Редно поле (дума) Шийна Андромак; съавт. Доминик Готие.
Том CD 1
Заглавие на том Произношение ; Урок 1 - 9
257 ## - Страна на издаване
Страна на създаване/издаване България
260 ## - Област на издателските данни
-- София
Име на издателя, разпространителя и проч. SkyPrint
Година на издаване 2014
300 ## - Физическа характеристика
Размери/Мащаб 12 см
380 ## - Жанр
Жанр Езикознание. Филология
500 ## - Общи забележки
Забележка Към кн. със същото загл. и сигн. Цб 264390. - Аудиозаписът е реализиран от английскоговорящи артисти
650 #4 - Допълнително описание по предмет – тема
Основно описание – тема или топоним Английски език - учебници за самоподготовка
9 (RLIN) 253258
653 ## - Ключова дума – ненормативна
Ключова дума английски език
653 ## - Ключова дума – ненормативна
Ключова дума учебници за самообразование
659 ## - Тематичен бюлетин
Тематичен бюлетин Ф
700 1# - Други автори (авторска отговорност)
Лично име Готие, Доминик
Автороска отговорност (Описва отношението между автора и произведението) съавт.
9 (RLIN) 328163
760 1# - Описание на основната серия
Редна дума на основното описание Андромак, Шийна
Място на издаване, издател и година 2014
Страници - том (1 ч. 04 мин. 31 сек.) : зв.
Заглавие CD 1 Произношение ; Урок 1 - 9
852 ## - Местоположение
Форматна сигнатура Цб CD 4160
Част 0
856 4# - Електронен адрес и достъп
Електронен формат pdf - файл
Път до файла /url/
856 4# - Електронен адрес и достъп
Електронен формат pdf - файл
Път до файла /url/
942 ## - АРТИКУЛИ
Вид на библиотечния материал Компактдискове
Скрит в OPAC Не
Koha issues (borrowed), all copies 1
944 ## - СЪЗДАВАНЕ И РЕДАКЦИЯ на ЗАПИСА
Създаване/Редакция Създаване
Дата на регистрацията/редакция 02.06.2016
Служител, извършил регистрацията/редакцията Виолета_Тройчева
944 ## - СЪЗДАВАНЕ И РЕДАКЦИЯ на ЗАПИСА
Създаване/Редакция Редакция
Дата на регистрацията/редакция 22.07.2016
Служител, извършил регистрацията/редакцията Геновева_Генчева
999 ## - СИСТЕМНИ КОНТРОЛНИ НОМЕРА
Koha biblionumber 228593
Koha biblioitemnumber 228593
Наличности
Код за отписване Код за изгубен артикул Код за повреда Коз за рестрикции Код за отдаване Артикулен № Име на библиотеката - собственик Име на библиотеката, в която се намира в момента Статус (Текущо местоположение) Дата на вписване в системата Местоположение - отдел Цена в лева Инвентарен номер Систематично азбучна сигнатура Баркод Номер на екземпляра Цена в евро Служебна бележка Служебен тип на артикула
  Не е изгубен Не е повреден без рестрикции заемане за дома 400773 Регионална библиотека "Любен Каравелов" Русе Регионална библиотека "Любен Каравелов" Русе ЧЧЗО - англ. ез. - Британски съвет 2016-05-31 ЧЧЗО - англ. ез. - Британски съвет 5.99 250000005706 Ч3 802.0/А 66 250000005706 1 3.06 Дост: Pk Вид: Ф N: 461 Дата: 30.05.2016 Съставил: Пенка_Димитрова Компактдискове
Vip Innovations Ltd, Rousse, Bulgaria 2025